LEADER 00998nam a2200229 i 4500 001 000000187117 003 CaOOAMICUS 005 20100311000000.0 008 100311s1907 it u000 u mul u 013 $a165178 040 $aSeMil$bita 245 10$aApologisti Cristiani /$cScelti e commentati dal Prof. Attilio De Marchi con introduzione, appendice ed illustrazioni. 260 $aMilano :$bFrancesco Vallardi,$c1907. 300 $aLI, 336 p. :$bill. ;$c21 cm. 490 0 $aCollezione di classici latini : annotati per le scuole 500 $aContiene : Appendice. 700 1 $aDe Marchi, Attilio.$0(OLS)http://semarc/name/56574 830 0$aCollezione di classici latini : annotati per le scuole.$0(OLS)http://semarc/title/26134 850 $aSeMil 852 $aSeMil$W1$xVenegono$y1$m2T II 70$j137804$B137804$CSeMilBibl$Z2$F149283 $81 996 $6245$aApologisti Cristiani$9(OLS)http://semarc/title/269158 996 $6260$aMilano :$bFrancesco Vallardi$9(OLS)http://semarc/publisher/30290 LEADER 00507nas a2200169 i 4500 001 000000193817 003 CaOOAMICUS 005 20101125000000.0 008 101125b1886 it uu u0 0ita r 013 $a172461 040 $aSeMil$bita 245 10$a[1886 :$b1]. 774 0 $t[Gennaio-Giugno].$w()273966 850 $aSeMil 852 $aSeMil$W1$xVenegono$y1$m111 1 27$j144391$B144391$CSeMilBibl$Z2$F156877 $82 961 $aRecupero: Scuola Cattolica 996 $6245$a[1886 :$b1]$9(OLS)http://semarc/title/279431